000 01311pam a2200325 a 4500
001 4473359
003 LC
005 20160314144201.0
008 961028s1997 nyu 000 1 eng
010 _a 96048523
020 _a067185285X
020 _a9780671852856
040 _aDLC
_cDLC
_dOCoLC
_dDLC
050 0 0 _aPS 3568
_b.R632 1997
082 0 0 _a813/.54
100 1 _aRobbins, Harold,
_d1916-1997.
_919849
245 1 0 _aTycoon :
_ba novel /
_cHarold Robbins.
260 _aNew York, NY :
_bSimon & Schuster,
_cc1997.
300 _a416 p. ;
_c25 cm.
520 _aJack Lear rises from modest Jewish background to take on the WASP world, but never quite feels he's succeeded. Making his fortune as a pioneering radio and television broadcaster and founding a landmark network isn't enough - nor the money, fame and women that go with it. He continues to hunger for what he cannot have.
650 0 _aTelevision broadcasting
_xFiction.
_919850
650 0 _aBusinessmen
_xFiction.
_919851
650 0 _aSuccess
_xFiction.
_919852
655 7 _aAdventure stories.
_2gsafd
_92927
906 _a7
_bcbc
_corignew
_d1
_eocip
_f19
_gy-gencatlg
942 _2lcc
_cBK
999 _c11333
_d11333